000 00699nam a2200289Ia 4500
005 20260324122659.0
008 008 260324s9999 xx 000 0 eng d
020 _a9780203802588
037 _aEBOOK
040 _aCRL
040 _beng
040 _cCRL
041 _2eng
041 _aeng
084 _qCRL
100 _aTim Wright
_91167385
245 4 _aThe Political Economy of the Chinese Coal Industry
245 0 _bBlack Gold and Blood-Stained Coal
260 _bTaylor and Francis
260 _c2012
365 _a
365 _b240
856 _uhttp://www.taylorfrancis.com/books/9780203802588
942 _cEBOOK
999 _c1760319
_d1760319